Des idées aux pratiques : la coopération technique agricole brésilienne à l'épreuve du terrain africain (notice n° 1596890)
[ vue normale ]
| 000 -LEADER | |
|---|---|
| fixed length control field | 02304cam a2200193 4500500 |
| 005 - DATE AND TIME OF LATEST TRANSACTION | |
| control field | 20251228074121.0 |
| 041 ## - LANGUAGE CODE | |
| Language code of text/sound track or separate title | fre |
| 042 ## - AUTHENTICATION CODE | |
| Authentication code | dc |
| 100 10 - MAIN ENTRY--PERSONAL NAME | |
| Personal name | Goulet, Frédéric |
| Relator term | author |
| 245 00 - TITLE STATEMENT | |
| Title | Des idées aux pratiques : la coopération technique agricole brésilienne à l'épreuve du terrain africain |
| 260 ## - PUBLICATION, DISTRIBUTION, ETC. | |
| Date of publication, distribution, etc. | 2013.<br/> |
| 500 ## - GENERAL NOTE | |
| General note | 90 |
| 520 ## - SUMMARY, ETC. | |
| Summary, etc. | Cet article propose une analyse des pratiques de la coopération technique agricole brésilienne sur le continent africain. Il montre que les acteurs brésiliens revendiquent une rupture avec la coopération « traditionnelle » Nord-Sud, au profit d’une approche fondée sur l’horizontalité Sud-Sud et le désintéressement. L’analyse de leurs activités révèle cependant une vision techniciste du développement, parfois associée à des enjeux commerciaux. Il démontre également que la mise en pratique de ces coopérations constitue une mise à l’épreuve des compétences des opérateurs brésiliens, tant au niveau de la coordination des projets qu’à celui des institutions en charge de la coopération. |
| 520 ## - SUMMARY, ETC. | |
| Summary, etc. | From theory to practice : Brazil’s agricultural technical cooperation put to the test on African soilThis article examines the existing agricultural technical cooperation between Brazil and the continent of Africa. It reveals that those involved on the Brazilian side view South-South cooperation, a model based on horizontality and impartiality, as breaking the mould of the “traditional” model of North-South cooperation. However, these claims do not stand up to careful scrutiny when the on-the-ground activities are analysed. What unfolds is a vision of development that is underpinned by technology and one that in practice is at times closely bound to trading opportunities. The analysis also shows that the skills of the Brazilian support workers are put to the test during the implementation of the cooperative programmes, both at a project management level and at the level of the overseeing institution. |
| 700 10 - ADDED ENTRY--PERSONAL NAME | |
| Personal name | Gabas, Jean-Jacques |
| Relator term | author |
| 700 10 - ADDED ENTRY--PERSONAL NAME | |
| Personal name | Sabourin, Éric |
| Relator term | author |
| 786 0# - DATA SOURCE ENTRY | |
| Note | Sociologies pratiques | 27 | 2 | 2013-10-08 | p. 75-89 | 1235-9278 |
| 856 41 - ELECTRONIC LOCATION AND ACCESS | |
| Uniform Resource Identifier | <a href="https://shs.cairn.info/revue-sociologies-pratiques-2013-2-page-75?lang=fr&redirect-ssocas=7080">https://shs.cairn.info/revue-sociologies-pratiques-2013-2-page-75?lang=fr&redirect-ssocas=7080</a> |
Pas d'exemplaire disponible.




Réseaux sociaux